Horse colors commonly mistaken as breeds - Statistics

General Stats
  • This quiz has been taken 63 times
  • The average score is 3 of 7
Answer Stats
Answer % Correct
Grey
70%
Bay
68%
Palomino
57%
White
43%
Dun
41%
Dapple
32%
Spotted
11%
No matching quizzes found
Score Distribution
Percent of People with Each Score
Percentile by Number Answered
Your Score History
You have not taken this quiz